000 01400nam a2200181Ia 4500
003 Ost
005 20260507075805.0
008 260507s9999||||xx |||||||||||||| ||und||
040 _cfsecg
041 _aara
100 _aرزق، حليم حلمي
_eمؤلف
245 0 _aإدارة المنظمات الحكومية (ك28) /
_c حليم حلمي رزق
260 _aالقاهرة:
_bمطبعة مركز التعليم المفتوح,
_c1997
300 _a233 صفحة؛
_bإيضاحات ؛
_c24 سم
504 _aمراجع ص ص 231- 233
520 _aمفهوم واهمية الادارة في المنظمات الحكومية، ادارة المنظمات الحكومية و ادارة منظمات الاعمال، مداخل دراسة ادارة المنظمات الحكومية، العملية الادارية في المنظمات الحكومية، تنظيم المنظمات الحكومية المركزية، ادارة المصالح الحكومية و الهيئات العامة، اللامركزية الادارية، الرقابة في المنظمات الحكومية وظائف ادارة الافراد، ادارة المشتريات و المخازن الحكومية، الاصلاح الاداريادارة الابتكارات في المنظمات الحكومية، ادارة التغيير في المنظمات الحكومية.
942 _cكتاب
999 _c46382
_d46382